Иберия (Запись № 13736612)
[ простой вид ]
| 000 -МАРКЕР | |
|---|---|
| контрольное поле | 02975njm0a2200397 4500 |
| 001 - ИДЕНТИФИКАТОР ЗАПИСИ | |
| контрольное поле | RU\NLR\ONIZ\310450 |
| 005 - ИДЕНТИФИКАТОР ВЕРСИИ | |
| контрольное поле | 20260622111635.0 |
| 035 ## - ДРУГИЕ СИСТЕМНЫЕ НОМЕРА | |
| Идентификатор записи | (NLR Aleph) 022838226 |
| 071 00 - ИЗДАТЕЛЬСКИЙ НОМЕР | |
| Номер, присвоенный агентством | С-01017-01018 |
| 100 ## - ДАННЫЕ ОБЩЕЙ ОБРАБОТКИ | |
| Данные общей обработки | 20260608f19001999||uy0rusy50 ca |
| 102 ## - СТРАНА ПУБЛИКАЦИИ ИЛИ ПРОИЗВОДСТВА | |
| Страна публикации | Российская Федерация |
| 126 ## - ПОЛЕ КОДИРОВАННЫХ ДАННЫХ: ЗВУКОЗАПИСИ - ФИЗИЧЕСКИЕ ХАРАКТЕРИСТИКИ | |
| Кодированные данные звукозаписи (общие) | abaxexu ux |
| Кодированные данные звукозаписи (уточнения) | xxx |
| 127 ## - ПОЛЕ КОДИРОВАННЫХ ДАННЫХ: ПРОДОЛЖИТЕЛЬНОСТЬ ЗВУКОЗАПИСЕЙ И НОТНЫХ ИЗДАНИЙ (МУЗЫКАЛЬНОЕ ИСПОЛНЕНИЕ) | |
| Продолжительность | 004500 |
| 200 1# - ЗАГЛАВИЕ И СВЕДЕНИЯ ОБ ОТВЕТСТВЕННОСТИ | |
| Основное заглавие | Иберия |
| Общее обозначение материала | Звукозапись |
| Сведения, относящиеся к заглавию | № 2 из цикла "Образы" для оркестра |
| Первые сведения об ответственности | К. Дебюсси |
| Последующие сведения об ответственности | исполняет: симфонический оркестр Московской государственной филармонии, дирижёр К. Кондрашин |
| 203 ## - ВИД СОДЕРЖАНИЯ И ТИП СРЕДСТВА | |
| Вид содержания | Музыка |
| Дополнительные сведения об издании | |
| Тип средства | аудио |
| 210 ## - ПУБЛИКАЦИЯ, РАСПРОСТРАНЕНИЕ И ДР. | |
| Место издания, распространения и т.д. | Москва |
| Имя издателя, распространителя и т. д. | Мелодия |
| Имя изготовителя | Завод грампластинок |
| Место изготовления | Апрелевка |
| Дата издания, распространения и т.д. | [19--] |
| 215 ## - ФИЗИЧЕСКАЯ ХАРАКТЕРИСТИКА | |
| Специфическое обозначение материала и объем | 1 грп. [ТУ 35 ХП 558-63] (45 мин): 33 об/мин, стерео |
| Размеры | 30 см, в конверте |
| 423 #0 - ИЗДАЕТСЯ В ОДНОЙ ОБЛОЖКЕ ВМЕСТЕ С ... | |
| Встроенное поле | 2001#$aПаганиниана$bЗвукозапись$eдивертисмент на музыку Н. Паганини$eсоч. 65$fА. Казелла$gисполняет: симфонический оркестр Московской государственной филармонии, дирижёр К. Кондрашин |
| -- | 6890#$aЩ951.1-043(4Ит) |
| -- | 700#1$9z01790$aКазелла$bА.$gАльфредо$cкомпозитор$f1883-1947$4230$7ca |
| -- | 702#1$9z02790$aКондрашин$bК. П.$gКирилл Петрович$f1914-1981$4250$7ca |
| -- | 702#1$9z03790$aПаганини$bН.$gНиколо$f1782-1840$4545$4svl$7ca |
| -- | 71202$aСимфонический оркестр Московской государственной филармонии$4590$7ca |
| -- | 790#1$9z01700$aCasella$bA.$gAlfredo$f1883-1947$4230$7ba |
| -- | 790#1$9z02702$aKondrašin$bK. P.$gKirill Petrovič$f1914-1981$4250$7ba |
| -- | 790#1$9z03702$aPaganini$bN.$gNicсolò$f1782-1840$4545$4svl$7ba |
| 500 00 - УНИФИЦИРОВАННОЕ ЗАГЛАВИЕ | |
| Унифицированное заглавие | Образы |
| Наименование раздела или части | Иберия, № 2 |
| Общее обозначение материала | Звукозапись |
| Средства исполнения (для музыкальных произведений) | симфонический оркестр |
| 606 1# - НАИМЕНОВАНИЕ ТЕМЫ КАК ПРЕДМЕТ | |
| Наименование темы | Дирижёры |
| Географический подзаголовок | СССР |
| Хронологический подзаголовок | 20 век |
| Формальный подзаголовок | Звукозапись |
| Код системы | nlr_sh |
| 606 1# - НАИМЕНОВАНИЕ ТЕМЫ КАК ПРЕДМЕТ | |
| Наименование темы | Оркестры симфонические |
| Географический подзаголовок | Россия |
| Хронологический подзаголовок | 20-21 вв. |
| Формальный подзаголовок | Звукозапись |
| Код системы | nlr_sh |
| -- | ca |
| 686 0# - ИНДЕКСЫ ДРУГИХ КЛАССИФИКАЦИЙ | |
| Индекс | Щ951.1-054(4Фр) |
| 700 #1 - ИМЯ ЛИЦА - ПЕРВИЧНАЯ ОТВЕТСТВЕННОСТЬ | |
| Связь между полями | z01790 |
| Начальный элемент ввода | Дебюсси |
| Часть имени, кроме начального элемента ввода | К. |
| Даты | 1862-1918 |
| Расширение инициалов личного имени | Клод |
| Код отношения | Композитор |
| Графика поля | Кириллица |
| 702 #1 - ИМЯ ЛИЦА - ВТОРИЧНАЯ ОТВЕТСТВЕННОСТЬ | |
| Связь между полями | z02790 |
| Начальный элемент ввода | Кондрашин |
| Часть имени, кроме начального элемента ввода | К. П. |
| Даты | 1914-1981 |
| Расширение инициалов личного имени | Кирилл Петрович |
| Код отношения | Дирижер, Руководитель оркестра |
| Графика поля | Кириллица |
| 712 02 - НАИМЕНОВАНИЕ ОРГАНИЗАЦИИ - ВТОРИЧНАЯ ОТВЕТСТВЕННОСТЬ | |
| Начальный элемент ввода | Симфонический оркестр Московской государственной филармонии |
| Код отношения | Исполнитель |
| Графика поля | Кириллица |
| 790 #1 - ИМЯ ЛИЦА - АЛЬТЕРНАТИВНАЯ ФОРМА | |
| Связь между полями | z01700 |
| Начальный элемент ввода | Debussy |
| Часть имени, кроме начального элемента ввода | C. |
| Даты | 1862-1918 |
| Расширение инициалов личного имени | Achille-Claude |
| Код отношения | Композитор |
| Графика поля | Латинская |
| 790 #1 - ИМЯ ЛИЦА - АЛЬТЕРНАТИВНАЯ ФОРМА | |
| Связь между полями | z02702 |
| Начальный элемент ввода | Kondrašin |
| Часть имени, кроме начального элемента ввода | K. P. |
| Даты | 1914-1981 |
| Расширение инициалов личного имени | Kirill Petrovič |
| Код отношения | Дирижер, Руководитель оркестра |
| Графика поля | Латинская |
| 801 #0 - ИСТОЧНИК ЗАПИСИ | |
| Страна | Российская Федерация |
| Организация | NLR |
| Дата составления | 20260608 |
| Правила каталогизации | PSBO |
| 801 #1 - ИСТОЧНИК ЗАПИСИ | |
| Страна | Российская Федерация |
| Организация | NLR |
| Дата составления | 20260608 |
| Источник данных | rusmarc |
| 801 #2 - ИСТОЧНИК ЗАПИСИ | |
| Страна | Российская Федерация |
| Организация | NLR |
| Дата составления | 20260608 |
| 852 ## - МЕСТОНАХОЖДЕНИЕ И ШИФР ХРАНЕНИЯ | |
| Идентификатор организации | NLR |
| Шифр хранения (Call Number) | Мг 3/11394 |
| Идентификатор единицы | 46455 |
| Номер экземпляра | 1 |
| 942 ## - ДОПОЛНИТЕЛЬНЫЕ ЭЛЕМЕНТЫ ЗАПИСИ (АБИС) | |
| Тип экземпляра АБИС | Звукозапись |
| 980 ## - КОЛЛЕКЦИЯ | |
| Название коллекции | Отдел нот и звукозаписей |
| 980 ## - КОЛЛЕКЦИЯ | |
| Название коллекции | Национальная библиография |
Нет доступных экземпляров.